MDQL
is popping MORE tags! Check the
thread
!
Quizzes
Events
Quiz Creation
Community
Videos
Private Events
Remove Ads
Sign In
Join for FREE
Feedback
Dark Mode
Quiz Categories
Sports
Geography
Music
Movies
Television
Just For Fun
Miscellaneous
History
Literature
Language
Science
Gaming
Entertainment
Religion
Holiday
For Kids
Quiz Lab
Recent
Popular Today
Quiz Kudos Today
Editor Picks
Curator Picks
Quizzes by...
Day
Popularity
Type
Ratings
Length
Year
Community
Subscriptions
Recent Discussions
Orange Saloon
Badges
Playlists
Quests
Create
Leaderboards
Showdown
Live 5
Trivia Bingo
Activity
Puzzle Library
Sporcle Events
Private Events
Virtual Trivia
Globe League
Become a Host
Pub Owners
SporcleCon
Opinionation
Our Games
Videos
Blog
Mobile Apps
Partnerships
Remove Ads and Go Orange
Feedback
Music
Pop Music
The Beatles
Song
Album
Lyrics
Bands
Singers
Artist
Clip
Rock
Rap
Classical
Billboard
Country Music
Kpop
Taylor Swift
Music
Pop Music
The Beatles
Song
Album
Lyrics
Bands
Singers
Artist
Clip
Rock
Rap
Classical
Billboard
Country Music
Kpop
Taylor Swift
Random Quiz
Search Sporcle
×
Quiz Lab
Quiz Lab
Music
Lyrics
Type in answers that appear in a list
Type in answers that appear in a list
Classic
Best Score? Go Orange.
Third Eye Blind Songs by Lyrics Stats
Can you name the Third Eye Blind Songs by Lyrics?
By
Benlew8612
15m
20 Questions
850 Plays
850 Plays
850 Plays
Comments
Comments
Give Quiz Kudos
Give Quiz Kudos
-
- Ratings
hide this ad
Forced Order
Answers have to be entered in order
Answers have to be entered in order
Random Order
Randomize order of answers
Randomize order of answers
Replay
Link that replays current quiz
Next Quiz
Link to next quiz in quiz playlist
You Got
0%
They Got
Avg Score
57%
Avg Friend Score
Upgrade to see
Score Distribution
Jump to the score distribution portion of the page
Score
0/20
Timer
15:00
0
Plays Today
Lyrics
Song Title
% Correct
'The angry boy a bit too insane/
icing over a secret pain...'
Jumper
85.2%
'And I've never been so alone/
And I've never been so alive'
Motorcycle Drive By
81.4%
'I close my eyes and I see a freak/
I think its me and I'm afraid to speak...'
Crystal Baller
74.4%
She's sneaky and smoked out/
And it's starting to show...'
Never Let You Go
72%
'...the velvet it rips in the city/
we tripped on the urge to feel alive...'
Semi-Charmed Life
67.5%
'And there's a demon in my head that starts to play/
A nightmare tape loop of what went wrong yesterday...'
Narcolepsy
66.4%
'...but then I want to call you/
'cause I don't wanna crush you, but I feel like crushing you...'
Deep Inside of You
65.3%
'I don't see lightning like last fall/
when it was always about to hit me...'
How's it Going to Be
63.4%
'Horny and burned out now/
That's how it always ends for me yeah...'
Faster
57.5%
'Something clean let me be clever/
Hey oh well whatever, but that's not what I mean...'
Blinded
56.8%
Lyrics
Song Title
% Correct
'...turn my castles blue/
turn my bones to sand/
just to see you...
Anything
50.6%
'And I'm taking off your clothes/
And you bloom like a rose...'
Can't Get Away
50.5%
'...like an art house foreign movie/
frank and sexy red balloons and ennui...'
Why Can't You Be
50%
'If nothing else I am myself/
Its all I have to give...'
Bonfire
49.8%
'And the grandson of an alien/
Wears his snakeskin boots
Darwin
49.2%
'And its all disappearing/
and it all falls apart/
And it seems like the ending/
Is a lot like the start
Sharp Knife
44.9%
'Phone call rings and your voice is desire/
then winter moves into summer fires...'
Forget Myself
44.8%
'...'cause she uses boys like bandages. but the wounds remain the same...'
Water Landing
44.2%
'I've spent the last three years setting myself on fire for you...'
Dao of St. Paul
41.9%
'Bring me the sun, 'cause I'd slide off the moon...'
Darkness
33.6%
Quiz Playlist
Details
Report
Send in Message
Add To Playlist
Classic:
Type in answers that appear in a list
Forced Order:
Answers have to be entered in order
Random Order:
Randomize order of answers
Last Updated: Jan 15, 2019
Quiz Scoreboard
CHALLENGE
Sign Up to Join the Scoreboard
Show All
Scores
Hide
Comments
May contain spoilers
Recently Published
Find the 'City' Movie
by crazypaving
Movies
60s
5x2 Blitz: Bands
by SL_Kpop136
Music
30s
Colored Red Africa Blitz
by spor1
Geography
30s
More to Explore
Quiz From the Vault
Featured Blog Post
14 Easter Pick-up Lines to Find Eggs With
hide this ad
You Might Also Like...
Tags
Album Quiz
Lyrics Quiz
Song Quiz
blind
Eye
Eye Blind
third
Today's Top Quizzes in Music
Browse Music
hide this ad
Today's Top Quizzes in Lyrics
Browse Lyrics
Top Contributed Quizzes in Music
1
5X2 Blitz: Bands II
2
Taylor Swift All Songs (2024)
3
Taylor Swift Logic Puzzle II
4
5X2 Blitz: The Beatles
5
5X2 Blitz: Billboard
6
Taylor Swift Logic Puzzle
7
5X2 Blitz: Billboard II
8
5X2 Blitz: Album
9
5X2 Blitz: Singers
10
Music Artist by Three 2010s hits
Explore More
Trending Topics
Anime
Marvel
NBA
Kpop
Harry Potter
Disney
Crossword
Pokémon
Country
Song
Soccer
Puzzle
WWE
The Office
NFL
hide this ad
More By:
Benlew8612
Quiz
Plays
Rating
Category
Featured
Created
Do you know NCIS?
9,559
2.82
Television
Jan 29, 2010
Third Eye Blind Songs by Lyrics
850
5.00
Music
Feb 23, 2010
Deus Ex Trivia
675
4.33
Gaming
Jan 25, 2011
Go to Creator's Profile
Score Distribution
Quiz Creator Spotlight
Benlew8612
Follow
Send a Message
Quizzes Created
-
Created Quiz Play Count
-
More By This Creator
Popular Quizzes Today
1
Colored Red Africa Blitz
2
Find the 'City' Movie
3
Find the US States - No Outlines Minefield
4
5x2 Blitz: Bands
5
The Countries of the World
6
Find the US States
7
US States
8
9x9 Crossword: Cartoon Network
More Music Quizzes
Olivia Rodrigo: Jealousy, Jealousy (Lyrics)
Quiz Lab
Trending Quizzes
Colored Red Europe Blitz I
Colored Red Europe Blitz II
Colored Red Africa Blitz II
Colored Red Europe Blitz III
Colored Red Africa Blitz III
Recently Updated
Godzilla Movies
pecheneg
Grab Bag: 4-10 Letters
pecheneg
2024 March Madness Bracket
pecheneg
Famous TV Couples
Peacemaker
Champions League XIs: Real Madrid
pecheneg
Largest US Cities 1790-2010
pecheneg
Rides in Walt Disney World
pecheneg
Most Oscar Losses (Acting)
pecheneg
Beyoncé Albums
pecheneg
Leaping Animals
pecheneg
Trending Topics
Harry Potter
Marvel
Kpop
Crossword
NBA
Disney
Anime
WWE
The Office
Pokémon
Song
Puzzle
Country
NFL
Soccer
Your Account Isn't Verified!
In order to create a playlist on Sporcle, you need to verify the email address you used during registration. Go to your
Sporcle Settings
to finish the process.
Report this User
Report this user for behavior that violates our
Community Guidelines
.
Details:
Send Report
Go to the Sporcle.com Mobile Site →
Comments